000 00408nam a22001457a 4500
020 _qPB.
040 _cFIZZA ISHAQ
082 _a621.382
_bFRE
100 _aFrenzel , Louis E.
_910004
245 _aPrinciples of electronic communication systems /
_c Louis E. Frenzel.
250 _a3rd ED.
260 _b McGraw-Hill Education,
_c2008.
300 _axiii, 637 p. :
_c10.8 X 8.5 inches
942 _2ddc
_cBK
999 _c616769
_d616769